000
00302nam a2200109Ia 4500
008
230907s9999||||xx |||||||||||||| ||und||
082
_a
621.45
_b
WIN
245
0
_a
Wind turbine foundations /
260
_a
Institute of Civil Engineers,; ICE Publishing,
_b
London :
_c
2018
300
_a
339 p.
942
_c
BK
999
_c
599261
_d
599261